Premis a les millors iniciatives locals de medi ambient : 6a edició : projectes guanyadors 6a edició :
Descripción Física:
12 p. ; 21 cm
Materias:
Medi ambient -- Premis
MARC
| LEADER | 00000nam a2200000Ia 4500 | ||
|---|---|---|---|
| 001 | 23358 | ||
| 008 | 160829s2010 xx 000 0 cat d | ||
| 080 | |a FU-61-9 | ||
| 245 | |a Premis a les millors iniciatives locals de medi ambient : |b 6a edició : |b projectes guanyadors | ||
| 260 | |a Barcelona : |b Diputació de Barcelona. Àrea de Medi Ambient, |c 2010 | ||
| 300 | |a 12 p. ; |c 21 cm | ||
| 590 | |a Celebrat a la Sala Tarafa de Granollers, el dia 9 de juny de 2010 a les 19h. | ||
| 650 | |a Medi ambient |x Premis |9 48708 | ||
| 710 | |a Barcelona (Catalunya : Província). |b Àrea de Medi Ambient |9 52987 | ||
| 901 | |a Arxiu | ||
| 942 | |n 1 | ||
| 952 | |0 0 |1 0 |4 0 |6 FU619 |7 1 |9 54794 |a Arxiu |b Arxiu |d 2012-01-09 |l 0 |o FU-61-9 |p 23358 |r 2016-12-01 00:00:00 |w 2016-12-01 |y ARXIU | ||
| 999 | |c 58663 |d 58663 | ||